00000000nam##2200000za#4500
0019.626060
003CaOODSP
00520210615104319
007ta
008150406|2003||||xxc|||||     f|0| 0 fre|d
020 |a0-660-96784-7
040 |aCaOODSP|bfre
043 |an-cn---
0861 |aH39-153/20-2003F
1101 |aCanada. |bSanté Canada.
24510|aSoins du pénis non circoncis: : |bfeuillet d'information
260 |aOttawa - Ontario : |bSanté Canada |c2003.
300 |a2p. ; |c28 cm.
4901 |aProgramme d'aide postnatale aux parents
5203 |aCe feuillet d’information fait partie d’une série de feuillets rédigés dans le cadre du Programme d’aide postnatale aux parents. Les feuillets portent sur une foule de sujets d’intérêt pour les parents de nouveau-nés : ajustement à la période postnatale, allaitement maternel, bain, césarienne, circoncision, conseils aux grands-parents, dangers de secouer un bébé, exercices après l’accouchement vaginal, hygiène du cordon ombilical, jaunisse, lait maternel, sécurité à la maison, sexualité après la naissance et soin du pénis non circoncis. Chaque feuillet est vendu en paquet de 25. Il y a également une liste de questions. Le matériel est destiné aux professionnels de la santé, chargés de mettre en Ĺ“uvre le programme.
563 |aFeuilles mobiles
77508|tCare of the foreskin: : |w(CaOODSP)9.616171
830#0|aProgramme d'aide postnatale aux parents.|w(CaOODSP)9.513080